Dorland. Diccionario Enciclopédico Ilustrado de Medicina. (Registro nro. 852)

Detalles MARC
000 -LEADER
fixed length control field 01046nam a2200265 a 4500
005 - FECHA ULTIMA MODIFICACION
control field 20240304132150.0
008 - CAMPO DE CONTROL (LIBRO)
fixed length control field 100708s1997||||sp a g |||| 00| 0 spa d
020 ## - INTERNATIONAL STANDARD BOOK NUMBER
ISBN 8448601793
041 ## - CODIGO DE IDIOMA
Código de idioma del texto/pista de sonido o título separado spa
092 ## - SIGNATURA TOPOGRAFICA DEWEY LOCAL
número de clasificación 610.03
libristica 17
sección DOR
245 ## - TITULO PROPIAMENTE DICHO
Título Dorland. Diccionario Enciclopédico Ilustrado de Medicina.
Subtítulo y Título paralelo T.2 K-Z /
Mención de responsabilidad y remanente de la transcripción de la portada Douglas M. Anderson
250 ## - MENCION DE EDICION
Mención de edición 28a ed.
Mención de responsabilidad relacionada con la ed. Revisión Técnica Mª. Jesús del Sol Jaquotot
260 ## - PIE DE IMPRENTA
Lugar de publicación, distribución, etc Madrid:
Nombre de la editorial, distribuidor, etc McGraw-Hill Interamericana;
Fecha de publicación 1997.
300 ## - DESCRIPCION FISICA
Extension 1041-2126 p.
500 ## - NOTA GENERAL
Nota general Anderson, D. M. et al. (1997). Dorland. Diccionario Enciclopédico Ilustrado de Medicina. T.2 K-Z. (28a ed.). Madrid : McGraw-Hill Interamericana.
590 ## - NOTAS LOCALES (RLIN)
Nota local Donación Dra. Sanchez Melendez, Mayo 2011
653 ## - TÉRMINO INDIZADO - PALABRAS CLAVES
Palabra clave Diccionario
700 1# - ENTRADAS SECUNDARIAS - NOMBRE PERSONAL
Nombre personal Soler, José Enrique Benito
9 (RLIN) 68
700 1# - ENTRADAS SECUNDARIAS - NOMBRE PERSONAL
Nombre personal Velasco Cerrudo, Aurelio
9 (RLIN) 69
700 1# - ENTRADAS SECUNDARIAS - NOMBRE PERSONAL
Nombre personal López-Arias Callejo, Carmelo
9 (RLIN) 70
700 1# - ENTRADAS SECUNDARIAS - NOMBRE PERSONAL
Nombre personal Bleiberg, Elena de Terán
9 (RLIN) 71
700 1# - ENTRADAS SECUNDARIAS - NOMBRE PERSONAL
Nombre personal Jiménez Alegre, José Julio
9 (RLIN) 72
700 1# - ENTRADAS SECUNDARIAS - NOMBRE PERSONAL
Nombre personal Caballero Sánchez-Robles, Luis
9 (RLIN) 73
942 ## - ADDED ENTRY ELEMENTS (KOHA)
Source of classification or shelving scheme Dewey Decimal Classification
Item type Libros
Existencias
Estado de retiro Existencia Fuente de clasificación Estado general No para prestamo Ubicación permanente ubicación actual Sala de ubicación Fecha de adquisición Total Checkouts Número de clasificación Código de barras Date last seen Date last borrowed Número de ejemplar Price effective from Koha tipo de elemento (item) Public note Coded location qualifier
    Dewey Decimal Classification     Biblioteca Medicina Biblioteca Medicina Referencia 01/07/2011 2 610.03 17 DOR 2304 06/11/2014 03/07/2014 ej.1 01/07/2011 Libros Hemeroteca 2022  

UNIVERSIDAD NACIONAL DEL COMAHUE
Biblioteca de la Facultad de Ciencias Médicas
Sede Toschi: Los Arrayanes y Av. Toschi, Cipolletti  - Rio Negro
Sede Los Tordos:  Yrigoyen al 2211, Cipolletti - Rio Negro 

Teléfono: 0299 - 4774707 int 25
Contacto: biblioteca@facimed.uncoma.edu.ar
© 2011 - 2026